000 00421nam a2200157 a 4500
005 20140412111247.0
008 010328s19uu xx 00 eng d
020 _a0-590-35594-5
050 _aTR(GS 372.4
_bWAL 1990
100 _aWalling, Elaine
245 _aReading for information E /
_cby Elaine Walling.
260 _aNew York :
_bScholastic Inc,
_c1990.
300 _a32p.
650 _aReading
999 _c102956
_d102956